More states back new standards for what teachers must know and be able to do in classrooms (Record no. 73010)

MARC details
000 -CABECERA
campo de control de longitud fija 00697nam a2200229 a 4500
005 - FECHA Y HORA DE LA ÚLTIMA TRANSACCIÓN
campo de control 20210219153300.0
008 - ELEMENTOS DE LONGITUD FIJA--INFORMACIÓN GENERAL
campo de control de longitud fija 991125n 000 0 eng u
035 ## - NÚMERO DE CONTROL DEL SISTEMA
Número de control de sistema UPN01000088434
100 ## - ASIENTO PRINCIPAL--NOMBRE PERSONAL
Nombre de persona Lively, Kit
222 ## - TÍTULO CLAVE
Título clave CHRONICLE OF HIGHER EDUCATION
245 ## - MENCIÓN DE TÍTULO
Título More states back new standards for what teachers must know and be able to do in classrooms
300 ## - DESCRIPCIÓN FÍSICA
Extensión A20
362 ## - FECHAS DE PUBLICACIÓN Y/O DESIGNACIÓN SECUENCIAL
Fecha de publicación y/o designación secuencial 1992 39, no. 16
653 0# - TERMINO DE INDIZACION - NO CONTROLADO
Término no controlado ACREDITACION (INSTITUCIONES)
653 0# - TERMINO DE INDIZACION - NO CONTROLADO
Término no controlado CAPACIDADES DEL MAESTRO
653 0# - TERMINO DE INDIZACION - NO CONTROLADO
Término no controlado CRITERIOS DE EVALUACION
653 0# - TERMINO DE INDIZACION - NO CONTROLADO
Término no controlado FORMACION DE MAESTROS
653 0# - TERMINO DE INDIZACION - NO CONTROLADO
Término no controlado HABILIDAD PARA LA ENSE\197ANZA
653 0# - TERMINO DE INDIZACION - NO CONTROLADO
Término no controlado NORMAS DEL ESTADO
904 ## - ELEMENTOS DE DATOS D LOCAL, LDD (RLIN)
a AC
b 026245
905 ## - TIPO DE MATERIAL
Tipo de material Articulo

No items available.